| 000 | 00572nam a2200157Ia 4500 | ||
|---|---|---|---|
| 003 | Ost | ||
| 005 | 20260507075700.0 | ||
| 008 | 260507s9999||||xx |||||||||||||| ||und|| | ||
| 040 | _cfsecg | ||
| 041 | _aara | ||
| 100 |
_aالناشف، انطوان _eمؤلف |
||
| 245 | 0 |
_aالخصخصة : _bمفهوم جديد لفكرة الدولة و دورها في ادارة المرافق العامة ملف تحليلي / _c انطوان الناشف |
|
| 260 |
_aبيروت: _bمنشورات الحلبي القانونية, _c2000 |
||
| 653 | _aخوصصة | ||
| 942 | _cكتاب | ||
| 999 |
_c45798 _d45798 |
||